000 00904nas a2200289 4500
001 BR0800102
003 BR-BrBNA
005 20231205111433.0
007 ta
008 230509b bl.|||p| |||| 00| 00por d
040 _aBR-BrBNA
_bpor
_cBiblioteca Nacional de Agricultura
041 _a(Pt)
072 _aL73; L74
100 1 _aSoares, R.M.
100 1 _aBersano, J.G.
245 1 _aIsolamento de parvovírus suíno de tecidos fetais de fêmeas suínas acometidas por distúrbios reprodutivos no estado de São Paulo
650 _aPARVOVIROSE
650 _aSUÍNO
650 _aVÍRUS
650 _aDIAGNÓSTICO
650 _aSÃO PAULO
650 _aDISTÚRBIO
650 _aREPRODUÇÃO ANIMAL
773 0 _tArquivos do Instituto Biológico (Brazil)
_xISSN 0020-3653
_g(Jul-Dec 1998), v. 65(2) p. 79-85
_wBR0800102
909 _a202311
_bLúcia
_c55
_dLúcia Elande
942 _2AGRIS
_n0
_cANA
999 _c192716
_d192716